Minimalism = Minimalismo = Minimaliamo (Record no. 12142)

MARC details
000 -CABECERA
campo de control de longitud fija 01571nam a2200349 4500
003 - IDENTIFICADOR DEL NÚMERO DE CONTROL
campo de control MX-MxINE
005 - FECHA Y HORA DE LA ÚLTIMA TRANSACCIÓN
campo de control 20260530113911.0
008 - DATOS DE LONGITUD FIJA--INFORMACIÓN GENERAL
campo de control de longitud fija 260504b2003 sp a|||| |||| 00| 0 eng d
020 ## - NÚMERO INTERNACIONAL ESTÁNDAR DEL LIBRO
Número Internacional Estándar del Libro 3936761086
040 ## - FUENTE DE LA CATALOGACIÓN
Centro catalogador/agencia de origen ICI
Lengua de catalogación spa
Centro/agencia transcriptor ICI
Normas de descripción rda
041 ## - CÓDIGO DE LENGUA
Código de lengua del texto/banda sonora o título independiente MUL
050 ## - SIGNATURA TOPOGRÁFICA DE LA BIBLIOTECA DEL CONGRESO
Número de clasificación N6494.M5
Número de documento/Ítem M552 2003
245 00 - MENCIÓN DE TÍTULO
Título Minimalism = Minimalismo = Minimaliamo
Resto del título minimal-minimalism. A historical consideration = Minimal-minimalism. Una reflexion historica = Minimal-minimalism. Una riflessione storica /
Mención de responsabilidad, etc. tr. Mary Cecelia Black, Paola Consolaro y Maurizio Siliato ; edit. Lola Gómez y Susana González Torras
246 30 - FORMA VARIANTE DE TÍTULO
Título propio/Titulo breve Minimalist : fashion, design and furniture, architecture, interiors = Minimalista ; moda, diseño y muebles, arquitectura, interiores = Ninimalista : moda, design e mobili, architettura, interni
264 #1 - PRODUCCIÓN, PUBLICACIÓN, DISTRIBUCIÓN, FABRICACIÓN Y COPYRIGHT
Producción, publicación, distribución, fabricación y copyright Berlin :
Nombre del de productor, editor, distribuidor, fabricante Feierabend,
Fecha de producción, publicación, distribución, fabricación o copyright 2003
300 ## - DESCRIPCIÓN FÍSICA
Extensión 851 páginas :
Otras características físicas ilustraciones
336 ## - TIPO DE CONTENIDO
Fuente rdacontent
Término de tipo de contenido texto
337 ## - TIPO DE MEDIO
Fuente rdamedia
Nombre/término del tipo de medio sin medio
338 ## - TIPO DE SOPORTE
Fuente rdacarrier
Nombre/término del tipo de soporte volumen
500 ## - NOTA GENERAL
Nota general Texto en ingles, español e italiano
650 #4 - PUNTO DE ACCESO ADICIONAL DE MATERIA--TÉRMINO DE MATERIA
Término de materia o nombre geográfico como elemento de entrada Arte minimal
9 (RLIN) 33448
650 #4 - PUNTO DE ACCESO ADICIONAL DE MATERIA--TÉRMINO DE MATERIA
Término de materia o nombre geográfico como elemento de entrada Arquitectura minimalista
9 (RLIN) 33449
650 #4 - PUNTO DE ACCESO ADICIONAL DE MATERIA--TÉRMINO DE MATERIA
Término de materia o nombre geográfico como elemento de entrada Arquitectura moderna
Subdivisión cronológica Siglo XX
9 (RLIN) 33450
650 #4 - PUNTO DE ACCESO ADICIONAL DE MATERIA--TÉRMINO DE MATERIA
Término de materia o nombre geográfico como elemento de entrada Arquitectura de interiores
Subdivisión general Historia
Subdivisión cronológica Siglo XX
9 (RLIN) 33451
653 ## - TÉRMINO DE INDIZACIÓN--NO CONTROLADO
Término no controlado Minimalismo
700 1# - PUNTO DE ACCESO ADICIONAL--NOMBRE DE PERSONA
Nombre de persona Cecelia Black, Mary,
Término indicativo de función/relación traductor
9 (RLIN) 33452
700 1# - PUNTO DE ACCESO ADICIONAL--NOMBRE DE PERSONA
Nombre de persona Cosolaro, Paola,
Término indicativo de función/relación traductor
9 (RLIN) 33453
700 1# - PUNTO DE ACCESO ADICIONAL--NOMBRE DE PERSONA
Nombre de persona Siliato, Maurizio,
Término indicativo de función/relación traductor
9 (RLIN) 29217
700 1# - PUNTO DE ACCESO ADICIONAL--NOMBRE DE PERSONA
Nombre de persona Gomez, Lola,
Término indicativo de función/relación edit.
9 (RLIN) 33454
700 1# - PUNTO DE ACCESO ADICIONAL--NOMBRE DE PERSONA
Nombre de persona Gonzalez Torras, Susana,
Término indicativo de función/relación editor
9 (RLIN) 33455
942 ## - ELEMENTOS DE PUNTO DE ACCESO ADICIONAL (KOHA)
Fuente del sistema de clasificación o colocación Library of Congress Classification
Suprimir en OPAC 1
Tipo de ítem Koha

No items available.